Astres du système solaire par image - Statistiques

Statistiques générales
  • Ce quiz a été pris 36 fois
  • Le résultat moyen est 11 sur 16
Statistiques - réponses
Par images Réponse % Correct
Lune
97%
Mars
97%
Terre
97%
Saturne
94%
Jupiter
91%
Mercure
91%
Uranus
91%
Vénus
91%
Soleil
88%
Neptune
85%
Io
45%
Europe
42%
Callisto
33%
Ganymède
33%
Phobos
27%
Déimos
21%
Aucun quiz correspondant
Distribution des résultats
% des personnes avec chaque résultat
Percentile par nombre de réponses
Votre historique - résultats
Vous n’avez pas pris ce quiz